000 01192cam a2200337 i 4500
001 768714001
003 CO-MdFUSB
005 20230615100554.0
007 ta
008 230615t2003 -us||||| |||| 00| | spa d
020 _a 9780789903273
040 _bspa.
_aCO-MdFUSB
_cCO-MdFUSB
_dCO-MdFUSBC
_erda
041 _aspa
082 0 4 _223
_aG 268.6
_bH4982g
100 1 _aHendricks, Howard G.
_eautor
240 _aTeaching to change lives
245 1 0 _aEnseñando para cambiar vidas :
_blos grandes principios de la buena comunicación aplicados a la enseñanza
_c/ Howard Hendricks ; traducido por Elizabeth Fraguela
250 _atercera edición
264 1 _aMiami, Fl. :
_bUnilit,
_c[2003]
264 4 _c© 2003
300 _a261 páginas
_c; 21 cm
336 _atexto
_btxt
_2rdacontent
337 _2rdamedia
_asin mediación
_bn
338 _2rdacarrier
_avolumen
_bnc
505 _aLa ley del: maestro, de la educación, de la actividad, de la comunicación, del corazón, del estímulo, de la preparación -- Haga la inversión
563 _aRústico
650 0 _aEducación
_9984
700 _98340
_aFraguela, Elizabeth
_etraductor
942 _cBK
945 _aMag1104
999 _c35347
_d35347